[Event "Muensterland Verbandsklasse-A 0607"]
[Site "Germany"]
[Date "2007.04.21"]
[Round "8.2"]
[White "Bergold, Johannes"]
[Black "Pollok, Ralf"]
[Result "1/2-1/2"]
[WhiteElo "2057"]
[BlackElo "1986"]
[PlyCount "95"]
[EventDate "2006.09.23"]
[EventType "team"]
[EventRounds "9"]
[EventCountry "GER"]
[SourceTitle "EXT 2008"]
[Source "ChessBase"]
[SourceDate "2007.11.25"]
[SourceVersion "1"]
[SourceVersionDate "2007.11.25"]
[SourceQuality "1"]
[WhiteTeam "Telgte"]
[BlackTeam "Raesfeld Erle"]
[WhiteTeamCountry "GER"]
[BlackTeamCountry "GER"]

1. e4 c5 2. f4 d5 3. exd5 Nf6 4. Nc3 Nxd5 5. Nxd5 Qxd5 6. Nf3 Nc6 7. Be2 g6 8. 0-0 Bg7 9. d3 0-0 10. c3 b6 11. Ne5 Bb7 12. Bf3 Qd6 13. Nxc6 Bxc6 14. Bxc6 Qxc6 15. Qe2 e6 16. Be3 Rad8 17. Rad1 Rd6 18. Rf3 Rfd8 19. Bf2 h5 20. Bh4 Re8 21. Re3 Bh6 22. Rf3 Rd5 23. Rdf1 Bg7 24. Bg3 Bf6 25. h3 Red8 26. Kh1 b5 27. Be1 Qd7 28. Bf2 Rxd3 29. Rxd3 Qxd3 30. Qxd3 Rxd3 31. Bxc5 Rd2 32. Rf2 Rd1+ 33. Kh2 a6 34. g3 Rd5 35. Bb6 Kf8 36. Kg2 Ke8 37. Kf3 Rd3+ 38. Be3 a5 39. Rd2 Rxd2 40. Bxd2 a4 41. Ke4 Kd7 42. b3 Kd6 43. g4 hxg4 44. hxg4 Bh4 45. Be3 f5+ 46. gxf5 gxf5+ 47. Kd3 axb3 48. axb3 1/2-1/2

[Event "Muensterland Verbandsklasse-B 0405"]
[Site "Muensterland"]
[Date "2005.03.19"]
[Round "8.1"]
[White "Bergold, Johannes"]
[Black "Sazanova, Julia"]
[Result "1/2-1/2"]
[WhiteElo "2075"]
[BlackElo "2221"]
[PlyCount "94"]
[EventDate "2004.09.11"]
[EventType "team"]
[EventRounds "9"]
[EventCountry "GER"]
[SourceTitle "EXT 2006"]
[Source "ChessBase"]
[SourceDate "2005.11.24"]
[SourceVersion "1"]
[SourceVersionDate "2005.11.24"]
[SourceQuality "1"]
[WhiteTeam "Telgte"]
[BlackTeam "Steinfurt"]
[WhiteTeamCountry "GER"]
[BlackTeamCountry "GER"]

1. e4 e6 2. d4 d5 3. Nc3 dxe4 4. Nxe4 b6 5. Nf3 Bb7 6. Bb5+ c6 7. Bd3 Be7 8. Bf4 Nf6 9. c3 Nxe4 10. Bxe4 Nd7 11. Qa4 b5 12. Qc2 Nf6 13. Bd3 a5 14. 0-0 0-0 15. Rad1 Qb6 16. Ng5 h6 17. Ne4 Rfd8 18. Nxf6+ Bxf6 19. Qe2 b4 20. Qg4 Kf8 21. Qg3 Rd7 22. Bd6+ Kg8 23. Bc5 Qd8 24. Rfe1 Be7 25. Re5 Bxc5 26. Rxc5 Rd5 27. Rxd5 cxd5 28. Be2 Rc8 29. Rc1 Qb6 30. Qe3 Ba6 31. Bxa6 Qxa6 32. cxb4 Rxc1+ 33. Qxc1 axb4 34. a3 bxa3 35. bxa3 Qa4 36. Qa1 e5 37. dxe5 d4 38. Qc1 Kh7 39. Qb1+ g6 40. e6 fxe6 41. Qb7+ Kg8 42. Qc8+ Kf7 43. Qc7+ Ke8 44. Qc8+ Ke7 45. Qc7+ Ke8 46. Qc8+ Ke7 47. Qc7+ Ke8 1/2-1/2

[Event "Muensterland Verbandsklasse-B 0405"]
[Site "Muensterland"]
[Date "2005.01.22"]
[Round "5.1"]
[White "Bergold, Johannes"]
[Black "Wilger, Frank"]
[Result "1/2-1/2"]
[WhiteElo "2075"]
[BlackElo "2068"]
[PlyCount "62"]
[EventDate "2004.09.11"]
[EventType "team"]
[EventRounds "9"]
[EventCountry "GER"]
[SourceTitle "EXT 2006"]
[Source "ChessBase"]
[SourceDate "2005.11.24"]
[SourceVersion "1"]
[SourceVersionDate "2005.11.24"]
[SourceQuality "1"]
[WhiteTeam "Telgte"]
[BlackTeam "Raesfeld Erle"]
[WhiteTeamCountry "GER"]
[BlackTeamCountry "GER"]

1. e4 c5 2. Nf3 e6 3. d4 cxd4 4. Nxd4 Nc6 5. Nb5 a6 6. Nd6+ Bxd6 7. Qxd6 Qe7 8. Bf4 e5 9. Qxe7+ Ngxe7 10. Bd2 d5 11. Nc3 Be6 12. 0-0-0 0-0 13. exd5 Nxd5 14. Nxd5 Bxd5 15. Be3 Be4 16. f3 Bf5 17. Bd3 Bxd3 18. Rxd3 Rfd8 19. Rhd1 Rxd3 20. Rxd3 Rd8 21. Rxd8+ Nxd8 22. c4 f5 23. Kc2 Kf7 24. a4 Ke6 25. Kc3 Kd6 26. b4 Ne6 27. b5 a5 28. Bb6 Nc5 29. Bxa5 Nxa4+ 30. Kb4 Nb2 31. c5+ Kd5 1/2-1/2

[Event "Muensterland Verbandsklasse-B 0405"]
[Site "Muensterland"]
[Date "2004.11.27"]
[Round "4.1"]
[White "Beutelhoff, Josef"]
[Black "Bergold, Johannes"]
[Result "1/2-1/2"]
[WhiteElo "2061"]
[BlackElo "2075"]
[PlyCount "22"]
[EventDate "2004.09.11"]
[EventType "team"]
[EventRounds "9"]
[EventCountry "GER"]
[SourceTitle "EXT 2006"]
[Source "ChessBase"]
[SourceDate "2005.11.24"]
[SourceVersion "1"]
[SourceVersionDate "2005.11.24"]
[SourceQuality "1"]
[WhiteTeam "Luedinghausen"]
[BlackTeam "Telgte"]
[WhiteTeamCountry "GER"]
[BlackTeamCountry "GER"]

1. Nf3 Nf6 2. c4 e6 3. e3 d5 4. d4 c6 5. Nc3 Bd6 6. Qc2 Nbd7 7. e4 dxe4 8. Nxe4 Nxe4 9. Qxe4 Nf6 10. Qc2 Bb4+ 11. Bd2 Bxd2+ 1/2-1/2

[Event "Muensterland Verbandsliga 0304"]
[Site "Germany"]
[Date "2004.03.20"]
[Round "8.2"]
[White "Davenport, Darcy"]
[Black "Bergold, Johannes"]
[Result "1/2-1/2"]
[WhiteElo "2115"]
[BlackElo "2059"]
[PlyCount "35"]
[EventDate "2003.09.27"]
[EventType "team"]
[EventRounds "9"]
[EventCountry "GER"]
[SourceTitle "EXT 2005"]
[Source "ChessBase"]
[SourceDate "2004.11.15"]
[SourceVersion "1"]
[SourceVersionDate "2004.11.15"]
[SourceQuality "1"]
[WhiteTeam "Rheine Klein Berlin"]
[BlackTeam "Telgte"]
[WhiteTeamCountry "GER"]
[BlackTeamCountry "GER"]

1. d4 Nf6 2. c4 e6 3. Nf3 Bb4+ 4. Bd2 Qe7 5. g3 Nc6 6. Nc3 Bxc3 7. Bxc3 Ne4 8. Rc1 0-0 9. Bg2 Nxc3 10. Rxc3 d6 11. d5 Nd8 12. dxe6 Nxe6 13. 0-0 Bd7 14. Re1 Bc6 15. e4 Rad8 16. Nh4 g6 17. Qd2 Rfe8 18. b3 1/2-1/2

[Event "Muensterland Verbandsliga 0304"]
[Site "Germany"]
[Date "2003.11.08"]
[Round "3.2"]
[White "Molinaroli, Martin"]
[Black "Bergold, Johannes"]
[Result "1/2-1/2"]
[WhiteElo "2237"]
[BlackElo "2059"]
[PlyCount "39"]
[EventDate "2003.09.27"]
[EventType "team"]
[EventRounds "9"]
[EventCountry "GER"]
[SourceTitle "EXT 2005"]
[Source "ChessBase"]
[SourceDate "2004.11.15"]
[SourceVersion "1"]
[SourceVersionDate "2004.11.15"]
[SourceQuality "1"]
[WhiteTeam "Muenster II"]
[BlackTeam "Telgte"]
[WhiteTeamCountry "GER"]
[BlackTeamCountry "GER"]

1. Nf3 f5 2. d3 d6 3. e4 e5 4. g3 Nf6 5. Bg2 Be7 6. 0-0 0-0 7. c3 c6 8. Nbd2 Kh8 9. b4 a5 10. bxa5 fxe4 11. dxe4 Qxa5 12. Qb3 Qa4 13. Bb2 b5 14. c4 Be6 15. Qxa4 Rxa4 16. cxb5 cxb5 17. a3 Nbd7 18. Ng5 Bg8 19. f4 h6 20. Nh3 1/2-1/2

[Event "Muensterland Verbandsliga 0203"]
[Site "Muensterland"]
[Date "2002.10.26"]
[Round "2.3"]
[White "Bergold, Johannes"]
[Black "Stanik, Hans"]
[Result "1/2-1/2"]
[WhiteElo "2072"]
[BlackElo "1991"]
[PlyCount "46"]
[EventDate "2002.09.21"]
[EventType "team"]
[EventRounds "9"]
[EventCountry "GER"]
[SourceTitle "EXT 2004"]
[Source "ChessBase"]
[SourceDate "2003.11.25"]
[SourceVersion "1"]
[SourceVersionDate "2003.11.25"]
[SourceQuality "1"]
[WhiteTeam "Telgte"]
[BlackTeam "Bocholt"]
[WhiteTeamCountry "GER"]
[BlackTeamCountry "GER"]

1. e4 e6 2. d4 d5 3. Nc3 Bb4 4. e5 Qd7 5. Qg4 f5 6. Qg3 b6 7. Bd2 Ba6 8. Bxa6 Nxa6 9. Nge2 Bf8 10. Nf4 c5 11. Nce2 Ne7 12. 0-0 Nc6 13. c3 Qf7 14. Rfc1 Nc7 15. b4 c4 16. h4 a6 17. a4 Be7 18. Nh3 Kd7 19. Bg5 h6 20. Bxe7 Nxe7 21. Nef4 g6 22. Ne2 Rag8 23. f4 Rg7 1/2-1/2